GPS+GLONASS: is it worthwhile? (Record no. 73896)

MARC details
000 -LEADER
fixed length control field 00812cam a2200217 4500
001 - CONTROL NUMBER
control field ABS67253
008 - FIXED-LENGTH DATA ELEMENTS--GENERAL INFORMATION
fixed length control field 031128n2003 000 0 eng u
035 ## - SYSTEM CONTROL NUMBER
System control number (Sirsi) u124519
100 ## - MAIN ENTRY--PERSONAL NAME
Personal name Booth, S.
245 ## - TITLE STATEMENT
Title GPS+GLONASS: is it worthwhile?
260 ## - PUBLICATION, DISTRIBUTION, ETC.
Date of publication, distribution, etc. 2003
490 ## - SERIES STATEMENT
Series statement Engineering Surveying Showcase
Volume/sequential designation 2 October 2003, 13-14(2)
520 ## - SUMMARY, ETC.
Summary, etc. Examines the role of GPS and GLONASS in surveying. In particular how a combination of the two systems can decrease working time and improve reception of results, particularly those working in urban environments. Discusses the origins of the two systems and also the future, including Galileo.
590 ## - LOCAL NOTE (RLIN)
Local note ABS
650 ## - SUBJECT ADDED ENTRY--TOPICAL TERM
Topical term or geographic name entry element GLONASS
650 ## - SUBJECT ADDED ENTRY--TOPICAL TERM
Topical term or geographic name entry element GPS
650 ## - SUBJECT ADDED ENTRY--TOPICAL TERM
Topical term or geographic name entry element SATELLITE NAVIGATION
650 ## - SUBJECT ADDED ENTRY--TOPICAL TERM
Topical term or geographic name entry element SURVEYING
690 ## - LOCAL SUBJECT ADDED ENTRY--TOPICAL TERM (OCLC, RLIN)
Topical term or geographic name as entry element GEOMATICS-GPS
942 ## - ADDED ENTRY ELEMENTS (KOHA)
Suppress in OPAC 0
Holdings
Withdrawn status Lost status Source of classification or shelving scheme Damaged status Not for loan Home library Current library Shelving location Date acquired Total Checkouts Full call number Barcode Date last seen Copy number Price effective from Koha item type
    Dewey Decimal Classification     London London Journal article 28/11/2003   ABS67253 124519-1001 06/08/2019 1 06/08/2019 Journal article